00211nam a2200085Ia 4500008004100000041000800041100001400049245003300063260002900096231212s2006 xx 000 0 und d aeng aThorpe E. aGeneral Studies Mannual 2006 aNew DelhibS.Chandc2006